[Event "British Championship"]
[Site "Torquay"]
[Date "2009.07.29"]
[Round "3.3"]
[White "Williams, Simon"]
[Black "Cobb, James"]
[Result "1/2-1/2"]
[WhiteElo "2527"]
[BlackElo "2432"]
[PlyCount "164"]
[EventDate "2009.07.27"]
[EventRounds "11"]
[EventCountry "ENG"]
[SourceDate "2009.07.30"]

1. d4 Nf6 2. Nf3 e6 3. c4 d5 4. Nc3 Nbd7 5. Bf4 dxc4 6. e3 Nb6 7. Bxc4 Nxc4 8.
Qa4+ Bd7 9. Qxc4 Bd6 10. Bg5 O-O 11. O-O a6 12. Ne5 Be7 13. a4 Be8 14. Rac1 Rc8
15. Rfd1 Nd7 16. Bf4 Nb6 17. Qb3 a5 18. e4 Bb4 19. Nc4 Nxc4 20. Qxc4 Qf6 21.
Be5 Qg6 22. d5 exd5 23. Nxd5 Qe6 24. f4 Bc6 25. Qd4 f6 26. Bxc7 Bxa4 27. Rd3
Bc6 28. f5 Qf7 29. Nxb4 axb4 30. Bd6 Bb5 31. Rdd1 Rxc1 32. Rxc1 Rd8 33. Qxb4
Bc6 34. Rd1 h6 35. h3 Re8 36. Rd4 Qh5 37. Qc4+ Kh7 38. Qd3 Qf7 39. b4 Rd8 40.
b5 Be8 41. Rd5 Qh5 42. e5 fxe5 43. Rxe5 Qg5 44. Rd5 Qf6 45. Qg3 Rd7 46. Kh2 Bh5
47. Qf4 Be8 48. Rd3 Rf7 49. Rd5 Bd7 50. Bc5 Bxf5 51. Bd4 Qg6 52. Rd6 Qg5 53.
Qxg5 hxg5 54. Rd5 g4 55. h4 Be6 56. Re5 Bd7 57. Kg3 Kg8 58. Rg5 Kh7 59. h5 Kh6
60. Kh4 Kh7 61. Rd5 Bf5 62. g3 Be4 63. Rd6 Bf5 64. Rd5 Be6 65. Re5 Bc8 66. Re8
Bd7 67. Re5 Bf5 68. Kg5 Bd7 69. b6 Bc8 70. Re8 Bd7 71. Re5 Bc8 72. Be3 Bd7 73.
Bf4 Bc8 74. Re8 Bd7 75. Rb8 Rf5+ 76. Kh4 g6 77. hxg6+ Kxg6 78. Rg8+ Kf7 79. Rb8
Kg6 80. Rg8+ Kf7 81. Rh8 Rd5 82. Bc7 Kg7 1/2-1/2

[Event "British Championship"]
[Site "Torquay"]
[Date "2009.07.29"]
[Round "3.4"]
[White "Wells, Peter K"]
[Black "Salimbeni, George"]
[Result "1-0"]
[WhiteElo "2498"]
[BlackElo "2115"]
[PlyCount "115"]
[EventDate "2009.07.27"]
[EventRounds "11"]
[EventCountry "ENG"]
[SourceDate "2009.07.30"]

1. Nf3 Nf6 2. c4 g6 3. Nc3 d5 4. cxd5 Nxd5 5. h4 Bg7 6. h5 Nxc3 7. bxc3 e5 8.
e4 Bg4 9. Qb3 Bxf3 10. Qxb7 Bxg2 11. Bxg2 Nd7 12. Ba3 Rb8 13. Qd5 Nb6 14. Qc6+
Qd7 15. Qc5 Rd8 16. hxg6 fxg6 17. Rd1 Bf6 18. Bh3 Qa4 19. Bb4 a5 20. Qxa5 Qc6
21. f3 Nc4 22. Qc5 Qxc5 23. Bxc5 Nb2 24. Ke2 Nxd1 25. Rxd1 Be7 26. Be3 c5 27.
Rb1 Kf7 28. Rb6 Rb8 29. Rc6 Ra8 30. Bh6 Rhd8 31. Be6+ Ke8 32. Rc7 g5 33. Bg7
Rd6 34. Bd5 Rad8 35. Bxe5 Rb6 36. a4 h5 37. Rc6 Rxc6 38. Bxc6+ Kf8 39. a5 c4
40. a6 Bc5 41. Bd5 Rd7 42. Bxc4 h4 43. d4 Ba7 44. d5 h3 45. d6 Bg1 46. Be6 Ra7
47. d7 Ke7 48. Bf6+ Kxe6 49. d8=Q h2 50. Bxg5 Kf7 51. Qf6+ Kg8 52. Qg6+ Kf8 53.
Qh6+ Kf7 54. f4 Rxa6 55. Qxa6 h1=Q 56. Qf6+ Kg8 57. Qg6+ Kf8 58. Qh6+ 1-0

[Event "British Championship"]
[Site "Torquay"]
[Date "2009.07.29"]
[Round "3.5"]
[White "Trent, Lawrence"]
[Black "Jones, William EG"]
[Result "1-0"]
[WhiteElo "2471"]
[BlackElo "2052"]
[PlyCount "71"]
[EventDate "2009.07.27"]
[EventRounds "11"]
[EventCountry "ENG"]
[SourceDate "2009.07.30"]

1. d4 Nf6 2. Bg5 e6 3. Nd2 h6 4. Bh4 c5 5. e3 b6 6. Ne4 d5 7. Nxf6+ gxf6 8. Nf3
Be7 9. c3 Nc6 10. Bb5 Bd7 11. O-O a6 12. Ba4 c4 13. Bc2 f5 14. Bxe7 Qxe7 15. b3
b5 16. bxc4 bxc4 17. Ba4 O-O 18. Kh1 Kh8 19. Qd2 f6 20. Nh4 Qg7 21. f4 Qg4 22.
Qe1 Be8 23. Rf3 Ne7 24. Rg3 Bxa4 25. Rxg4 fxg4 26. Qc1 Bb5 27. a4 Bc6 28. Qa3
Nf5 29. Ng6+ Kg7 30. Nxf8 Rxf8 31. Rb1 Rf7 32. Kg1 Nxe3 33. Qd6 Bxa4 34. Qxe6
Bc2 35. Rb8 Be4 36. Qe8 1-0

[Event "British Championship"]
[Site "Torquay"]
[Date "2009.07.29"]
[Round "3.6"]
[White "Summerscale, Aaron"]
[Black "Lane, Gary W"]
[Result "1/2-1/2"]
[WhiteElo "2454"]
[BlackElo "2379"]
[PlyCount "105"]
[EventDate "2009.07.27"]
[EventRounds "11"]
[EventCountry "ENG"]
[SourceDate "2009.07.30"]

1. Nf3 d5 2. c4 d4 3. b4 f6 4. e3 e5 5. exd4 e4 6. Qe2 Qe7 7. Ng1 Nc6 8. Qe3
Nxb4 9. Kd1 Nh6 10. Nc3 Nf5 11. Qxe4 Qxe4 12. Nxe4 Nxd4 13. Bb2 Nbc6 14. Ne2
Nxe2 15. Bxe2 Be6 16. Bh5+ Bf7 17. Bxf7+ Kxf7 18. Bc3 Be7 19. Rb1 b6 20. Kc2
Rhd8 21. Rhe1 f5 22. Ng3 g6 23. Ne2 Bc5 24. f3 Rd6 25. Nf4 Nd4+ 26. Kd1 c6 27.
Ne2 Rad8 28. Rc1 h5 29. Nxd4 Bxd4 30. Bxd4 Rxd4 31. Rc2 h4 32. Re3 f4 33. Ra3
R8d7 34. h3 Ke6 35. Ke2 Kd6 36. c5+ bxc5 37. Ra5 Rd5 38. Ke1 Re5+ 39. Kf2 Rde7
40. d3 Rd5 41. Ra3 g5 42. Re2 Rde5 43. Rc2 Rb7 44. Ra4 Re3 45. d4 cxd4 46.
Rxd4+ Kc7 47. Rdc4 Re6 48. Rc5 Rg6 49. Ra5 Kd6 50. a4 Rg8 51. Rd2+ Kc7 52. Rc2
Kd6 53. Rd2+ 1/2-1/2

[Event "British Championship"]
[Site "Torquay"]
[Date "2009.07.29"]
[Round "3.7"]
[White "Kolbus, Dietmar"]
[Black "Hawkins, Jonathan"]
[Result "1/2-1/2"]
[WhiteElo "2383"]
[BlackElo "2325"]
[PlyCount "45"]
[EventDate "2009.07.27"]
[EventRounds "11"]
[EventCountry "ENG"]
[SourceDate "2009.07.30"]

1. d4 Nf6 2. c4 g6 3. Nc3 Bg7 4. e4 d6 5. Bd3 O-O 6. Nge2 Nc6 7. f3 Nd7 8. Be3
e5 9. d5 Nd4 10. Bc2 Nxc2+ 11. Qxc2 f5 12. O-O-O Nf6 13. h3 a6 14. g4 f4 15.
Bf2 Nd7 16. b4 Nb6 17. Qb3 g5 18. b5 Rf7 19. h4 h6 20. Rd3 Nd7 21. Na4 b6 22.
Nec3 Bf8 23. Rdd1 1/2-1/2

[Event "British Championship"]
[Site "Torquay"]
[Date "2009.07.29"]
[Round "3.8"]
[White "Buckley, Graeme"]
[Black "Ross, Chris"]
[Result "1-0"]
[WhiteElo "2398"]
[BlackElo "2203"]
[PlyCount "41"]
[EventDate "2009.07.27"]
[EventRounds "11"]
[EventCountry "ENG"]
[SourceDate "2009.07.30"]

1. d4 Nf6 2. c4 e6 3. Nc3 Bb4 4. e3 b6 5. Bd3 Bb7 6. Nf3 Ne4 7. O-O f5 8. Ne5
O-O 9. Nxe4 fxe4 10. Bc2 Qh4 11. c5 bxc5 12. a3 Ba5 13. dxc5 Qg5 14. f4 exf3
15. Nxf3 Qxc5 16. b4 Bxf3 17. Rxf3 Qe5 18. Bb2 Qxb2 19. Bxh7+ Kxh7 20. Rxf8 Qe5
21. bxa5 1-0

[Event "British Championship"]
[Site "Torquay"]
[Date "2009.07.29"]
[Round "3.9"]
[White "Rendle, Thomas"]
[Black "Varnam, Liam"]
[Result "1-0"]
[WhiteElo "2377"]
[BlackElo "2167"]
[PlyCount "75"]
[EventDate "2009.07.27"]
[EventRounds "11"]
[EventCountry "ENG"]
[SourceDate "2009.07.30"]

1. e4 e5 2. Nf3 Nc6 3. Bc4 Nf6 4. d3 Be7 5. O-O d6 6. a4 Na5 7. Ba2 c5 8. Nc3
O-O 9. Nd5 Nxd5 10. Bxd5 Kh8 11. c3 f5 12. b4 cxb4 13. cxb4 Nc6 14. b5 Nb8 15.
exf5 Rxf5 16. d4 exd4 17. Be4 Rf8 18. Nxd4 d5 19. Bb1 Qe8 20. Bb2 Bf6 21. Ba3
Rg8 22. Re1 Qf7 23. Qf3 Re8 24. Ba2 Nd7 25. Qxd5 Qg6 26. Qf7 Qxf7 27. Bxf7
Rxe1+ 28. Rxe1 g6 29. Nf3 Kg7 30. Bb3 a6 31. b6 Nxb6 32. a5 Nd7 33. Re8 b6 34.
Bd5 Ra7 35. axb6 Rb7 36. Rg8+ Kh6 37. Bc1+ Kh5 38. h3 1-0

[Event "British Championship"]
[Site "Torquay"]
[Date "2009.07.29"]
[Round "3.10"]
[White "Griffiths, Ryan-Rhys"]
[Black "Conquest, Stuart"]
[Result "0-1"]
[WhiteElo "2137"]
[BlackElo "2572"]
[PlyCount "76"]
[EventDate "2009.07.27"]
[EventRounds "11"]
[EventCountry "ENG"]
[SourceDate "2009.07.30"]

1. e4 g6 2. h4 h5 3. d4 d6 4. Nh3 Bxh3 5. Rxh3 Nf6 6. Bc4 Bg7 7. Nc3 Nc6 8. Bg5
a6 9. a4 Qd7 10. Rf3 O-O 11. Qd3 Ng4 12. e5 e6 13. exd6 Qxd6 14. Ne2 Nxd4 15.
Nxd4 Ne5 16. Qb3 Qxd4 17. Rf4 Qc5 18. O-O-O Kh7 19. Rfd4 b5 20. Be2 Rfb8 21. a5
Nc4 22. Rd7 Kg8 23. Bf3 c6 24. Rc7 Bxb2+ 25. Kb1 Bg7 26. Rxc6 Qe5 27. Qa2 Qc3
28. Bc1 Rd8 29. Rxa6 Rxa6 30. Rxd8+ Kh7 31. Rd3 Qb4+ 32. Rb3 Nd2+ 33. Bxd2 Qxd2
34. c3 Qe1+ 35. Kb2 b4 36. Kc2 Qxf2+ 37. Kb1 Qe1+ 38. Kc2 Rd6 0-1

[Event "British Championship"]
[Site "Torquay"]
[Date "2009.07.29"]
[Round "3.11"]
[White "Birtwistle, Nigel"]
[Black "Arkell, Keith C"]
[Result "0-1"]
[WhiteElo "2186"]
[BlackElo "2521"]
[PlyCount "74"]
[EventDate "2009.07.27"]
[EventRounds "11"]
[EventCountry "ENG"]
[SourceDate "2009.07.30"]

1. e4 c6 2. d4 d5 3. exd5 cxd5 4. Bd3 Nc6 5. c3 Nf6 6. Bf4 Bg4 7. Qb3 Qd7 8.
Nd2 e6 9. Ngf3 Bxf3 10. Nxf3 Bd6 11. Bg3 O-O 12. O-O Bxg3 13. hxg3 Qc7 14. Rae1
Rfe8 15. Qd1 Rab8 16. Ne5 Nxe5 17. Rxe5 b5 18. a3 a5 19. g4 b4 20. axb4 axb4
21. Re3 bxc3 22. bxc3 Qf4 23. Rh3 h6 24. Rh4 Rec8 25. g3 Qc7 26. Kg2 Qxc3 27.
Rfh1 Kf8 28. Ba6 Rd8 29. Bd3 Ke7 30. Re1 Rb2 31. Re3 Qd2 32. Qf3 Rc8 33. Re2
Qb4 34. Re3 Rd2 35. Ba6 Rcc2 36. Re2 Rxe2 37. Bxe2 Rc3 0-1

[Event "British Championship"]
[Site "Torquay"]
[Date "2009.07.29"]
[Round "3.13"]
[White "Fitzsimons, David"]
[Black "Hebden, Mark"]
[Result "0-1"]
[WhiteElo "2167"]
[BlackElo "2468"]
[PlyCount "58"]
[EventDate "2009.07.27"]
[EventRounds "11"]
[EventCountry "ENG"]
[SourceDate "2009.07.30"]

1. e4 e5 2. d4 exd4 3. Qxd4 Nc6 4. Qe3 g6 5. Nc3 Bg7 6. Bd2 Nf6 7. e5 Ng4 8.
Qg3 h5 9. O-O-O O-O 10. f4 d6 11. Nf3 Rb8 12. Bc4 b5 13. Bxb5 Ne7 14. h3 Nh6
15. Qf2 c5 16. Be3 Qa5 17. Rxd6 Rxb5 18. Nxb5 Qxb5 19. Bxc5 Re8 20. Rhd1 Nc6
21. Bxa7 Nf5 22. R6d3 Qa4 23. Be3 Nxe3 24. Qxe3 Nb4 25. Rb3 Nxa2+ 26. Kd2 Be6
27. Rb6 Bf8 28. Ke2 Qxc2+ 29. Qd2 Qe4+ 0-1

[Event "British Championship"]
[Site "Torquay"]
[Date "2009.07.29"]
[Round "3.14"]
[White "Khandelwal, Ankush"]
[Black "Greet, Andrew"]
[Result "0-1"]
[WhiteElo "2160"]
[BlackElo "2443"]
[PlyCount "102"]
[EventDate "2009.07.27"]
[EventRounds "11"]
[EventCountry "ENG"]
[SourceDate "2009.07.30"]

1. e4 e5 2. Nf3 Nc6 3. Bc4 Nf6 4. d4 exd4 5. e5 d5 6. Bb5 Ne4 7. Nxd4 Bd7 8.
Bxc6 bxc6 9. O-O Bc5 10. f3 Ng5 11. Be3 Bb6 12. f4 Ne4 13. Nd2 Nxd2 14. Qxd2 c5
15. Nf3 d4 16. Bf2 Bc6 17. Bh4 Qd7 18. f5 Qxf5 19. Nxd4 Qd7 20. Nf3 c4+ 21. Bf2
Bxf3 22. Qxd7+ Kxd7 23. gxf3 Ke6 24. f4 Kf5 25. Kg2 Rhd8 26. Rad1 c6 27. Kf3
Rd5 28. Bh4 Re8 29. c3 h6 30. h3 a5 31. Rxd5 cxd5 32. Rd1 g5 33. Bg3 gxf4 34.
Bxf4 Ke6 35. Kg4 Rg8+ 36. Kh5 Bc7 37. b3 Bxe5 38. Bxe5 Kxe5 39. bxc4 dxc4 40.
Re1+ Kd5 41. Rf1 Rg3 42. h4 a4 43. Kxh6 Rxc3 44. h5 Rg3 45. Rxf7 c3 46. Rc7 Kd4
47. Kh7 Kd3 48. h6 c2 49. Kh8 Kd2 50. h7 c1=Q 51. a3 Qb2+ 0-1

[Event "British Championship"]
[Site "Torquay"]
[Date "2009.07.29"]
[Round "3.15"]
[White "Eden, Tomer"]
[Black "Palliser, Richard"]
[Result "0-1"]
[WhiteElo "2157"]
[BlackElo "2413"]
[PlyCount "56"]
[EventDate "2009.07.27"]
[EventRounds "11"]
[EventCountry "ENG"]
[SourceDate "2009.07.30"]

1. d4 Nf6 2. c4 g6 3. Nc3 Bg7 4. e4 d6 5. f3 O-O 6. Bg5 c5 7. d5 e6 8. Qd2 exd5
9. cxd5 Bd7 10. Bc4 Na6 11. Nge2 Rb8 12. a4 Nb4 13. O-O b6 14. Nb5 a6 15. Nxd6
Qe7 16. e5 Qxe5 17. Bf4 Qe7 18. Rfe1 Qd8 19. Ne4 Nxe4 20. fxe4 b5 21. axb5 axb5
22. Bb3 Qb6 23. Kh1 Rbe8 24. Ng1 Qf6 25. Rab1 c4 26. Bg3 Nd3 27. Rf1 Qd4 28.
Bc2 Rxe4 0-1

[Event "British Championship"]
[Site "Torquay"]
[Date "2009.07.29"]
[Round "3.16"]
[White "Warman, Simon M"]
[Black "Houska, Jovanka"]
[Result "0-1"]
[WhiteElo "2156"]
[BlackElo "2392"]
[PlyCount "70"]
[EventDate "2009.07.27"]
[EventRounds "11"]
[EventCountry "ENG"]
[SourceDate "2009.07.30"]

1. e4 c6 2. d4 d5 3. Nd2 dxe4 4. Nxe4 Bf5 5. Ng3 Bg6 6. Nf3 Nd7 7. Bd3 e6 8.
O-O Ngf6 9. Re1 Qc7 10. Ne5 Bd6 11. Nc4 Bb4 12. c3 Be7 13. Qf3 Bxd3 14. Bf4
Qxf4 15. Qxf4 Bxc4 16. b3 Bd3 17. Qd2 Bg6 18. f4 Bd6 19. c4 O-O 20. Re2 Nh5 21.
Nxh5 Bxh5 22. Rf2 Nf6 23. Re1 Bg6 24. Rfe2 a5 25. c5 Bc7 26. g3 Rfd8 27. Qb2
Rd7 28. Rd2 Rad8 29. Rdd1 b5 30. Qg2 Nd5 31. Qf3 h5 32. h4 Ne7 33. g4 hxg4 34.
Qxg4 Rd5 35. Qf3 Bh5 0-1

[Event "British Championship"]
[Site "Torquay"]
[Date "2009.07.29"]
[Round "3.17"]
[White "Mueller, Jan"]
[Black "Littlewood, Paul E"]
[Result "0-1"]
[WhiteElo "2149"]
[BlackElo "2358"]
[PlyCount "62"]
[EventDate "2009.07.27"]
[EventRounds "11"]
[EventCountry "ENG"]
[SourceDate "2009.07.30"]

1. d4 Nf6 2. Bg5 c6 3. Nc3 Qb6 4. Rb1 d5 5. e3 Bf5 6. Bd3 Bxd3 7. cxd3 Nbd7 8.
Nf3 e6 9. O-O h6 10. Bf4 Be7 11. b4 O-O 12. h3 Rfc8 13. Qe2 Qd8 14. Rfc1 Qf8
15. Na4 Bxb4 16. Nc5 Bxc5 17. dxc5 Nxc5 18. d4 Nce4 19. Rxb7 c5 20. Ne5 Nd6 21.
Nd7 Nxd7 22. Rxd7 Nc4 23. Rxc4 dxc4 24. Bd6 Qe8 25. Re7 Qc6 26. Qh5 Rf8 27. Be5
Qe4 28. Kh2 c3 29. d5 g6 30. f3 Qxe3 31. Rxf7 gxh5 0-1

[Event "British Championship"]
[Site "Torquay"]
[Date "2009.07.29"]
[Round "3.18"]
[White "De Coverly, Roger"]
[Black "Sowray, Peter J"]
[Result "1/2-1/2"]
[WhiteElo "2127"]
[BlackElo "2335"]
[PlyCount "153"]
[EventDate "2009.07.27"]
[EventRounds "11"]
[EventCountry "ENG"]
[SourceDate "2009.07.30"]

1. Nf3 g6 2. d4 Bg7 3. e4 d6 4. Nc3 a6 5. Be3 Nd7 6. Qd2 b5 7. Bd3 c5 8. a4 b4
9. Nd1 Bb7 10. dxc5 dxc5 11. O-O Qc7 12. Qe2 Ngf6 13. Bg5 O-O 14. Nd2 Ne5 15.
f4 c4 16. fxe5 cxd3 17. cxd3 Qxe5 18. Be3 Qe6 19. Nf2 Rac8 20. Nf3 Rfd8 21. a5
Nd7 22. Nd4 Qd6 23. Nb3 Bc6 24. Qd2 Bb5 25. Rfd1 e5 26. Rdc1 Bf8 27. Rxc8 Rxc8
28. d4 Bc4 29. dxe5 Qxd2 30. Nxd2 Be6 31. Nd3 Rc2 32. Rc1 Rxc1+ 33. Nxc1 Nxe5
34. Ncb3 Nd3 35. Bd4 Bg7 36. Kf1 Nxb2 37. Bxg7 Kxg7 38. Nc5 Bc8 39. Ke2 Kf6 40.
Ke3 Ke5 41. Nf3+ Kd6 42. Kd4 f6 43. e5+ fxe5+ 44. Nxe5 Nd1 45. Nc4+ Kc7 46. Nb6
Bb7 47. g3 Kb8 48. Nbd7+ Ka7 49. Nf8 Bf3 50. Nxh7 Be2 51. h4 Nc3 52. Nf8 Bh5
53. Ke3 Ne2 54. g4 Bxg4 55. Nxg6 Nc1 56. Kd2 Na2 57. Ne5 Bh5 58. Kc2 Nc3 59.
Nc6+ Ka8 60. Nxb4 Ne2 61. Nbxa6 Nd4+ 62. Kc3 Nf5 63. Nc7+ Kb8 64. Nb5 Nxh4 65.
a6 Be2 66. Nd7+ Kc8 67. Nb6+ Kd8 68. Kb4 Nf5 69. Kc5 Bf3 70. Nd5 Ne7 71. Nxe7
Kxe7 72. Kb6 Kd7 73. Nd4 Bg2 74. Nb3 Bf1 75. a7 Bg2 76. Na5 Ba8 77. Nb7 1/2-1/2

[Event "British Championship"]
[Site "Torquay"]
[Date "2009.07.29"]
[Round "3.19"]
[White "Lalic, Susan"]
[Black "Yeo, Michael J"]
[Result "1/2-1/2"]
[WhiteElo "2334"]
[BlackElo "2136"]
[PlyCount "68"]
[EventDate "2009.07.27"]
[EventRounds "11"]
[EventCountry "ENG"]
[SourceDate "2009.07.30"]

1. e4 e5 2. Nf3 Nf6 3. Nc3 Nc6 4. d4 Bb4 5. Nxe5 O-O 6. Nxc6 dxc6 7. e5 Ne4 8.
a3 Ba5 9. Qd3 Bf5 10. Qe3 c5 11. dxc5 Nxc3 12. bxc3 Qd5 13. f4 Rad8 14. Kf2 Qd1
15. Kg3 Qxc2 16. Bc4 Bxc3 17. Ra2 Be1+ 18. Rxe1 Qxc4 19. Rd2 Rxd2 20. Qxd2 Qxc5
21. Bb2 h5 22. h3 Qe7 23. Rd1 Qe6 24. Kh2 Rc8 25. Qc3 g6 26. Rd4 b6 27. Rd2 Be4
28. a4 a5 29. Rd4 Bb7 30. Qd2 Kh7 31. Qc3 Qc6 32. Qd2 Qe6 33. Qc3 Qc6 34. Qd2
Qe6 1/2-1/2

[Event "British Championship"]
[Site "Torquay"]
[Date "2009.07.29"]
[Round "3.20"]
[White "Smith, Graham M"]
[Black "Lewis, Andrew P"]
[Result "0-1"]
[WhiteElo "2119"]
[BlackElo "2281"]
[PlyCount "50"]
[EventDate "2009.07.27"]
[EventRounds "11"]
[EventCountry "ENG"]
[SourceDate "2009.07.30"]

1. d4 Nf6 2. c4 g6 3. Nc3 Bg7 4. e4 d6 5. f4 O-O 6. Nf3 c5 7. d5 e6 8. Be2 exd5
9. cxd5 Bg4 10. h3 Bxf3 11. Bxf3 Nbd7 12. O-O a6 13. a4 Rb8 14. Qe2 Re8 15. Be3
b5 16. axb5 axb5 17. Ra6 b4 18. Nd1 Nxe4 19. Bxe4 Rxe4 20. Nf2 Re8 21. Rxd6 Qe7
22. Qa6 Bxb2 23. Ng4 h5 24. Bc1 Bd4+ 25. Nf2 b3 0-1

[Event "British Championship"]
[Site "Torquay"]
[Date "2009.07.29"]
[Round "3.21"]
[White "Storey, Charles"]
[Black "Raoof, Adam"]
[Result "1-0"]
[WhiteElo "2279"]
[BlackElo "2144"]
[PlyCount "107"]
[EventDate "2009.07.27"]
[EventRounds "11"]
[EventCountry "ENG"]
[SourceDate "2009.07.30"]

1. c4 d6 2. g3 e5 3. Bg2 Nc6 4. Nc3 f5 5. Rb1 a5 6. a3 Nf6 7. b4 axb4 8. axb4
e4 9. d4 d5 10. c5 g6 11. b5 Ne7 12. Bf4 Be6 13. Nh3 h6 14. Ra1 Rxa1 15. Qxa1
Kf7 16. Qa7 Qc8 17. Be5 g5 18. f4 exf3 19. exf3 f4 20. g4 Ng6 21. Bxf6 Kxf6 22.
O-O Bg7 23. c6 b6 24. Rd1 Kf7 25. Nf2 Re8 26. Bf1 Ne7 27. h4 Bf6 28. h5 Kg7 29.
Rd2 Bf7 30. Kg2 Qd8 31. Qa2 Nc8 32. Qc2 Qd6 33. Bd3 Bxd4 34. Bf5 Qc5 35. Nfd1
Ne7 36. Bd7 Ra8 37. Rd3 Ra3 38. Qe2 Bf6 39. Be6 Qc4 40. Nb2 Qc5 41. Nxd5 Nxd5
42. Rxd5 Qxd5 43. Bxd5 Bxd5 44. Qe8 Bf7 45. Qd7 Ra2 46. Qxc7 Rxb2+ 47. Kh3 Rxb5
48. Qb7 Be5 49. c7 Bxc7 50. Qxc7 Rd5 51. Qc3+ Kh7 52. Qf6 Kg8 53. Qxh6 b5 54.
Qf6 1-0

[Event "British Championship"]
[Site "Torquay"]
[Date "2009.07.29"]
[Round "3.22"]
[White "Briscoe, Christopher"]
[Black "Gavriel, Tryfon"]
[Result "1/2-1/2"]
[WhiteElo "2268"]
[BlackElo "2138"]
[PlyCount "40"]
[EventDate "2009.07.27"]
[EventRounds "11"]
[EventCountry "ENG"]
[SourceDate "2009.07.30"]

1. b4 e6 2. Bb2 d5 3. e3 Nf6 4. b5 Be7 5. c4 O-O 6. Nf3 c5 7. Be2 a6 8. a4 axb5
9. axb5 Rxa1 10. Bxa1 Qa5 11. Nc3 Rd8 12. Qa4 Qb6 13. Qa3 Nbd7 14. O-O Bf8 15.
Qa8 Qc7 16. Qa7 Qb6 17. Qa2 Qd6 18. d4 b6 19. Rd1 Bb7 20. Bb2 Ra8 1/2-1/2

[Event "British Championship"]
[Site "Torquay"]
[Date "2009.07.29"]
[Round "3.23"]
[White "Zhou, Yang Fan"]
[Black "Adair, James"]
[Result "1-0"]
[WhiteElo "2265"]
[BlackElo "2124"]
[PlyCount "129"]
[EventDate "2009.07.27"]
[EventRounds "11"]
[EventCountry "ENG"]
[SourceDate "2009.07.30"]

1. e4 c5 2. Nf3 d6 3. d4 cxd4 4. Nxd4 Nf6 5. Nc3 a6 6. Bg5 e6 7. Qd2 h6 8. Bxf6
Qxf6 9. f4 Bd7 10. O-O-O Nc6 11. Nf3 O-O-O 12. Qe3 g5 13. fxg5 hxg5 14. Qb6 Re8
15. Kb1 g4 16. Bxa6 bxa6 17. Qxa6+ Kd8 18. Qb6+ Ke7 19. e5 Qf4 20. Rhf1 Rb8 21.
Qc7 Qb4 22. Qxd6+ Qxd6 23. exd6+ Ke8 24. Ng5 Bg7 25. Kc1 Bh6 26. Nce4 f5 27.
Kb1 fxe4 28. Nxe4 Bg7 29. Nf6+ Bxf6 30. Rxf6 Rf8 31. Rxf8+ Kxf8 32. c4 e5 33.
a3 e4 34. Kc2 Ne5 35. Kc3 Rc8 36. b3 Kg7 37. Kd4 Nd3 38. b4 Nb2 39. Rc1 Bf5 40.
c5 Nd3 41. Rc3 Kf6 42. c6 Ke6 43. d7 Ra8 44. b5 Ne5 45. c7 Kxd7 46. Kxe5 Bh7
47. b6 Re8+ 48. Kf4 Kc8 49. a4 Kb7 50. a5 Rf8+ 51. Kxg4 Bf5+ 52. Kf4 Ka6 53.
Rc5 Bc8+ 54. Kxe4 Rg8 55. g3 Rh8 56. h4 Rg8 57. Rg5 Re8+ 58. Re5 Rg8 59. h5
Rxg3 60. Re8 Bb7+ 61. Kf4 Rf3+ 62. Kg4 Rf7 63. c8=Q Bxc8+ 64. Rxc8 Kxa5 65. Rc7
1-0

[Event "British Championship"]
[Site "Torquay"]
[Date "2009.07.29"]
[Round "3.25"]
[White "Sen, Subin"]
[Black "Anderson, John"]
[Result "1-0"]
[WhiteElo "2093"]
[BlackElo "2248"]
[PlyCount "80"]
[EventDate "2009.07.27"]
[EventRounds "11"]
[EventCountry "ENG"]
[SourceDate "2009.07.30"]

1. Nf3 d5 2. d4 Nf6 3. c4 c6 4. Qc2 dxc4 5. e4 b5 6. b3 cxb3 7. axb3 e6 8. Bd2
a5 9. Bd3 Be7 10. Nc3 Bb7 11. O-O h6 12. e5 Nd5 13. Nxd5 exd5 14. e6 O-O 15.
Ne5 Bf6 16. Bh7+ Kh8 17. Nxf7+ Rxf7 18. exf7 Nd7 19. Bg8 Nf8 20. Rfe1 Qd7 21.
Rxa5 Rc8 22. Qd3 c5 23. dxc5 d4 24. b4 Bc6 25. f3 g5 26. h4 Kg7 27. hxg5 hxg5
28. Kf2 Qc7 29. Rh1 Qe5 30. Raa1 Bd7 31. Rae1 Qd5 32. Qe4 Qxe4 33. Rxe4 Ra8 34.
Rc1 Bc6 35. Rg4 Ra2 36. Ke1 Kg6 37. Rg3 Kf5 38. Rh3 d3 39. Bh7+ Nxh7 40. Rxh7
Ra8 1-0

[Event "British Championship"]
[Site "Torquay"]
[Date "2009.07.29"]
[Round "3.26"]
[White "Sugden, John N"]
[Black "Reynolds, D Ian W"]
[Result "1/2-1/2"]
[WhiteElo "2217"]
[BlackElo "2092"]
[PlyCount "59"]
[EventDate "2009.07.27"]
[EventRounds "11"]
[EventCountry "ENG"]
[SourceDate "2009.07.30"]

1. d4 Nf6 2. c4 e6 3. Nc3 Bb4 4. a3 Bxc3+ 5. bxc3 O-O 6. f3 d6 7. e4 Nbd7 8.
Bg5 c5 9. Bd3 h6 10. Bh4 e5 11. Ne2 Re8 12. O-O Nf8 13. Qd2 Ng6 14. Bf2 b6 15.
Bc2 Bd7 16. d5 Qe7 17. Be3 b5 18. Bd3 bxc4 19. Bxc4 Ba4 20. Ng3 Bd7 21. Rab1
Rab8 22. a4 Bxa4 23. Ra1 Bb5 24. Nf5 Qf8 25. Bxb5 Rxb5 26. Rxa7 Kh7 27. Ra6 Rd8
28. Rfa1 Ne8 29. Ra7 Rdb8 30. R1a2 1/2-1/2

[Event "British Championship"]
[Site "Torquay"]
[Date "2009.07.29"]
[Round "3.27"]
[White "Cumbers, Paul"]
[Black "Rocks, Daniel"]
[Result "1-0"]
[WhiteElo "2207"]
[BlackElo "2037"]
[PlyCount "101"]
[EventDate "2009.07.27"]
[EventRounds "11"]
[EventCountry "ENG"]
[SourceDate "2009.07.30"]

1. d4 Nf6 2. c4 e6 3. Nc3 Bb4 4. Qc2 d5 5. a3 Bxc3+ 6. Qxc3 O-O 7. Bg5 Nbd7 8.
cxd5 exd5 9. e3 c6 10. Qc2 Re8 11. Bd3 Qb6 12. Ne2 Ne4 13. Bh4 Nf8 14. f3 Ng6
15. fxe4 Nxh4 16. e5 g6 17. O-O Nf5 18. Bxf5 Bxf5 19. Rxf5 gxf5 20. Nf4 Rad8
21. Nh5 c5 22. Nf6+ Kf8 23. dxc5 Qc7 24. Nxe8 Rxe8 25. Qxf5 Qxc5 26. Qf4 Qc7
27. Qh6+ Kg8 28. Qd6 Qc2 29. Qxd5 Qxb2 30. Rf1 Qxe5 31. Qxf7+ Kh8 32. Rf3 Qa1+
33. Kf2 Qb2+ 34. Kg3 Rg8+ 35. Kf4 Qxa3 36. Qf6+ Rg7 37. Qd8+ Rg8 38. Qf6+ Rg7
39. Rg3 Qe7 40. Qxe7 Rxe7 41. e4 b5 42. Kf5 a5 43. e5 b4 44. Kf6 Rb7 45. e6 a4
46. e7 Rxe7 47. Kxe7 a3 48. Kf7 h6 49. Rg8+ Kh7 50. Rg7+ Kh8 51. Kg6 1-0

[Event "British Championship"]
[Site "Torquay"]
[Date "2009.07.29"]
[Round "3.28"]
[White "Littlewood, John Eric"]
[Black "Lemoir, David"]
[Result "0-1"]
[WhiteElo "2188"]
[BlackElo "2009"]
[PlyCount "56"]
[EventDate "2009.07.27"]
[EventRounds "11"]
[EventCountry "ENG"]
[SourceDate "2009.07.30"]

1. f4 d5 2. g3 c6 3. Bg2 Nf6 4. Nf3 Bg4 5. d3 Nbd7 6. Nbd2 Qc7 7. b3 e5 8. fxe5
Nxe5 9. Bb2 Bd6 10. O-O O-O-O 11. c4 Bxf3 12. Nxf3 Neg4 13. Qc1 h5 14. cxd5
Nxd5 15. Ng5 Qb6+ 16. d4 Be5 17. Nf3 Bf6 18. e4 Nde3 19. e5 Be7 20. Re1 Nxg2
21. Kxg2 Rd7 22. Qf4 Bd8 23. h3 Nh6 24. Rac1 Be7 25. Nd2 Qa5 26. a3 Qd5+ 27.
Kh2 g5 28. Qf2 Ng4+ 0-1

[Event "British Championship"]
[Site "Torquay"]
[Date "2009.07.29"]
[Round "3.29"]
[White "Galliano, Alex"]
[Black "Ynojosa, Felix"]
[Result "0-1"]
[WhiteElo "2050"]
[BlackElo "2188"]
[PlyCount "80"]
[EventDate "2009.07.27"]
[EventRounds "11"]
[EventCountry "ENG"]
[SourceDate "2009.07.30"]

1. e4 c5 2. Nf3 Nc6 3. c3 Nf6 4. e5 Nd5 5. d4 cxd4 6. Bc4 Nb6 7. Bb3 d6 8. exd6
e6 9. Bf4 Bxd6 10. Bxd6 Qxd6 11. cxd4 O-O 12. Na3 Rd8 13. Nc2 Na5 14. O-O Nxb3
15. axb3 Nd5 16. Qd2 b6 17. Rfd1 Bb7 18. Ne5 Ne7 19. Nc4 Qd5 20. f3 Ng6 21.
Rac1 Qh5 22. Qe3 Rd5 23. Ne1 Rad8 24. Ra1 b5 25. Rxa7 bxc4 26. Rxb7 cxb3 27.
Rxb3 e5 28. Nc2 exd4 29. Rxd4 Rxd4 30. Nxd4 Qd5 31. Ne2 Qd1+ 32. Kf2 Ne5 33.
Rb7 Nd3+ 34. Kg3 Qe1+ 35. Kg4 h5+ 36. Kxh5 Rd5+ 37. Kg4 f5+ 38. Kg5 f4+ 39. Kg6
Rd6+ 40. Kg5 fxe3 0-1